000 00478nam a22001817a 4500
005 20260123125741.0
008 260123b |||||||| |||| 00| 0 eng d
020 _a9789339221812
_c3195.00
040 _aMAIN
041 _aEnglish
082 _a576.5
_bBRO
100 _aBrooker, Robert J.
_926031
245 _aGenetics
_b: Analysis and Principles
260 _aChennai
_bMcGraw Hill Education
_c2018
300 _a761
650 _aEnvironment Science
_9310
942 _cBK
999 _c60073
_d60073